000 00975cam a22002771 4500
001 4815
003 BD-RjUL
005 20211208233948.0
008 131223s1958 enka 000 0 eng
035 _a(BD-RjUL)4850
035 _a(OCoLC)4451026
040 _aDLC
_cMoSpDC
_dOCoLC
_dDLC
_dBD-RjUL
_beng
041 _aeng
082 _a364.25
_bMOC 1966
100 1 _aMorris, Terence.
_915188
245 1 4 _aThe criminal area :
_ba study in social ecology /
_cForeword by Hermann Mannheim.
260 _aLondon :
_bRoutledge & Paul ;
_aNew York :
_bHumanities Press ,
_cc1966
300 _axiii, 202 p. (13) :
_billus. ;
_c22 cm.
490 0 _aInternational library of sociology and social reconstruction
650 0 _aHuman ecology.
_915189
650 0 _aCriminal anthropology.
_915033
856 _uhttp://www.worldcat.org/title/criminal-area-a-study-in-social-ecology/oclc/4451026&referer=brief_results
942 _2ddc
_cBK
999 _c4815
_d4815